000 00490nam a2200181Ia 4500
001 4911
005 20260306145829.0
008 260306t1996||||xx |||||||||||||| ||spa||
041 _aESP
082 _a331.1372
_bR57
100 _aRifkin, Jeremy
_eAUT
245 0 _aEl fin del trabajo:
_bnuevas tecnologĂ­as contra puestos de trabajo: el nacimiento de una nueva era
260 _c1996
300 _a399 páginas :
_c23 cm.
650 _aGEN
654 _aCAN
942 _cLIB
_dJUS
_fJUS
_2ddc
_n
999 _c4911
_d4911